|
|
|
|
| LEADER |
04108nam a22004093i 4500 |
| 001 |
EBC6955770 |
| 003 |
MiAaPQ |
| 005 |
20231204023223.0 |
| 006 |
m o d | |
| 007 |
cr cnu|||||||| |
| 008 |
231204s2015 xx o ||||0 ger d |
| 020 |
|
|
|a 9783839408810
|q (electronic bk.)
|
| 020 |
|
|
|z 9783899428810
|
| 035 |
|
|
|a (MiAaPQ)EBC6955770
|
| 035 |
|
|
|a (Au-PeEL)EBL6955770
|
| 035 |
|
|
|a (OCoLC)1049912489
|
| 040 |
|
|
|a MiAaPQ
|b eng
|e rda
|e pn
|c MiAaPQ
|d MiAaPQ
|
| 100 |
1 |
|
|a Lillge, Claudia.
|
| 245 |
1 |
0 |
|a Interkulturelle Mahlzeiten :
|b Kulinarische Begegnungen und Kommunikation in der Literatur.
|
| 250 |
|
|
|a 1st ed.
|
| 264 |
|
1 |
|a Bielefeld :
|b transcript,
|c 2015.
|
| 264 |
|
4 |
|c ©2015.
|
| 300 |
|
|
|a 1 online resource (371 pages)
|
| 336 |
|
|
|a text
|b txt
|2 rdacontent
|
| 337 |
|
|
|a computer
|b c
|2 rdamedia
|
| 338 |
|
|
|a online resource
|b cr
|2 rdacarrier
|
| 490 |
1 |
|
|a Kultur- und Medientheorie
|
| 505 |
0 |
|
|a Cover Interkulturelle Mahlzeiten -- INHALT -- Interkulturelle Dimensionen von Mahlzeiten -- ESSEN IM JENSEITS UND DIESSEITS. SPIRITUELLE UND WELTLICHE ASPEKTE -- Leibesspeise. Das ›Genießen Gottes‹ in Texten der mittelalterlichen Mystik -- Der steinerne Gast. Essen mit Toten -- Verbotene Früchte. ›Jenseitige‹ Verlockungen in Christina Rossettis »Goblin Market« -- ZUR POESIE UND POETIK VON NAHRUNG -- »sichtfleisch« in »großaufnahme«. Zum Zusammenhang von Essen, ästhetischer Theorie und literarischer Praxis am Beispiel von Thomas Klings Goya-Gedichten -- Bei Robert Schindel in Wien zu Tisch. Rindfleisch und Knödel, Rotwein und Mokka -- »Angebissene Bockwurst mit gefrorenem Ketchup«. Zur Poetik der Essensreste in Emine Sevgi Özdamars Seltsame Sterne starren zur Erde -- HUNGERLEIDEN. KULTURELLE UND GESCHLECHTSSPEZIFISCHE DIMENSIONEN VON VERSAGTER KÖRPERLICHER UND SEELISCHER NAHRUNG -- »For to the hungry soul every bitter thing is sweet«. Essen und Transkulturation in Mary Rowlandsons »A Narrative of the Captivity and Restoration of Mary Rowlandson« -- »where potato diggers are/ you still smell the running sore«. Politische Funktionalisierungen und Literarisierungen der Great Irish Famine -- »Am liebsten habe ich Geschichten mit Menschen, die essen oder gekocht werden«. Zur vermeintlich einigenden Kraft des Essens bei Natascha Wodin und Aglaja Veteranyi -- ESSEN UND TERRITORIALITÄT. WAHRNEHMUNGEN VON HEIMAT UND FREMDE -- ›Illyrische‹ Mahlzeiten - gastronomische Diskurse. Deutschsprachige Kroatienreisende des 18. und 19. Jahrhunderts -- Les ›fruits‹ du mal. Wer ›Heimat‹ kennt, verschwindet anders oder ›Das Jüngste Gericht‹ nach alten Rezepten -- Den Raum zum Sprechen bringen. Symbolisierungen des Eigenen und Fremden in Emine Sevgi Özdamars Erzählung »Der Hof im Spiegel« -- GEMEINSAM ESSEN - ALLEIN ESSEN.
|
| 505 |
8 |
|
|a Natur zu Kunst. Künstlermahlzeiten bei Tieck, Zola, Joyce, Kafka -- ›Picknick‹ Papers. Essen und Sprache im Freien -- Einsame Mahlzeiten. Alleinessende in Marlen Haushofers Die Wand und Thomas Glavinic' Die Arbeit der Nacht -- ESSKULTUREN IM ZEICHEN VON INDUSTRIALISIERUNG, (POST-)KOLONIALISMUS UND GLOBALISIERUNG -- »All the world's a ›kitchen‹«. Arnold Weskers Mahlzeiten oder Kochen im Akkord -- (Post-)koloniale Inkorporierung. Ökologie und Esskultur in Australien -- Kulturelle Bedeutungen und Kontexte der indischen Küche in Großbritannien -- EPILOG ZUM DESSERT -- Zu Tisch bei Kant -- Über die Autorinnen und Autoren.
|
| 588 |
|
|
|a Description based on publisher supplied metadata and other sources.
|
| 590 |
|
|
|a Electronic reproduction. Ann Arbor, Michigan : ProQuest Ebook Central, 2023. Available via World Wide Web. Access may be limited to ProQuest Ebook Central affiliated libraries.
|
| 655 |
|
4 |
|a Electronic books.
|
| 700 |
1 |
|
|a Meyer, Anne-Rose.
|
| 776 |
0 |
8 |
|i Print version:
|a Lillge, Claudia
|t Interkulturelle Mahlzeiten
|d Bielefeld : transcript,c2015
|z 9783899428810
|
| 797 |
2 |
|
|a ProQuest (Firm)
|
| 830 |
|
0 |
|a Kultur- und Medientheorie
|
| 856 |
4 |
0 |
|u https://ebookcentral.proquest.com/lib/matrademy/detail.action?docID=6955770
|z Click to View
|